000 00359nam a2200157Ia 4500
008 230523s9999 xx 000 0 und d
082 _a340.1 FRE
100 _aFreeman, Michael
245 0 _aLioyd's Introduction to Jurisprudence. Ed.9
250 _a9
260 _aLondan
260 _bSweet and Maxwell
260 _c2016
300 _a1615
942 _cRB
999 _c852
_d852